| 000 | 00762 a2200205 4500 | ||
|---|---|---|---|
| 005 | 20080829125435.0 | ||
| 008 | 080829t xxu||||| |||| 00| 0 eng d | ||
| 010 | _aENG-87424 | ||
| 020 |
_a8173352143 _c150.00 |
||
| 035 | _aEN-70957 | ||
| 037 | _bDBAD / PUB | ||
| 082 | _a649.1 | ||
| 100 | _aArora, S.C. | ||
| 245 |
_aEffective parenting an eye on the future _cby S.C. Arora |
||
| 260 |
_aNew Delhi _bSaraswati House _cn.d |
||
| 270 |
_a9, Daryaganj, New Telephone Office _bNew Delhi _e110 002 |
||
| 300 |
_a100 p. _bill. _c21 cm ( pbk.) |
||
| 942 |
_adpl _cEN _k649.1/ARO _2ddc _h649.1 _mARO |
||
| 999 |
_c6520 _d6520 |
||